|
|
|
|
| LEADER |
00000nam a2200000Ii 4500 |
| 001 |
DIGDEU0192 |
| 003 |
NyNyDIG |
| 008 |
221229s2012 sp d o 000 0 spa d |
| 006 |
m o d |
| 007 |
cr ||||||||||| |
| 035 |
|
|
|a (OCoLC)1367360773
|
| 040 |
|
|
|a DGITA
|b eng
|e rda
|e pn
|c DGITA
|
| 020 |
|
|
|a 9788498304220
|q eBook
|
| 020 |
|
|
|z 9788415759041
|
| 043 |
|
|
|a e-sp---
|
| 050 |
1 |
4 |
|a HV4013.S7 ebook
|
| 245 |
0 |
0 |
|a Migraciones y diversidad :
|b retos para la construcción social : buenas prácticas en un modelo jesuita de intervención = Migrazioak eta aniztasuna : gizarte-eraikuntzarako erronkak : jesuiten esku-hartze ereduaren arabera egindako jardunbide egokiak /
|c José María Guibert (ed./arg.) ; Cecilia Martínez, Saioa Bilbao (coords./koord.)
|
| 246 |
3 |
1 |
|a Migrazioak eta aniztasuna
|
| 264 |
|
1 |
|a Bilbao :
|b Universidad de Deusto/Deustuko Unibertsitatea,
|c 2012.
|
| 300 |
|
|
|a 1 online resource :
|b charts.
|
| 336 |
|
|
|a text
|b txt
|2 rdacontent
|
| 337 |
|
|
|a computer
|b c
|2 rdamedia
|
| 338 |
|
|
|a online resource
|b cr
|2 rdacarrier
|
| 347 |
|
|
|a text file
|2 rdaft
|
| 347 |
|
|
|b PDF
|
| 588 |
0 |
|
|a Online resource; title from PDF title page (Digitalia, viewed December 29, 2022)
|
| 610 |
2 |
0 |
|a Jesuits
|z Spain.
|
| 650 |
|
0 |
|a Social work with immigrants
|z Spain.
|
| 700 |
1 |
|
|a Guibert, José María,
|e editor.
|
| 700 |
1 |
|
|a Martínez, Cecilia,
|d 1966-
|e editor.
|
| 700 |
1 |
|
|a Bilbao Urquidi, Saioa,
|e editor.
|
| 791 |
2 |
|
|a Digitalia (Firm),
|e distributor.
|
| 793 |
0 |
|
|g Digitalia eBook Collection:
|a Universidad de Deusto
|
| 776 |
0 |
8 |
|i Print version:
|t Migraciones y diversidad.
|d Bilbao : Universidad de Deusto/Deustuko Unibertsitatea, 2012
|z 9788415759041
|
| 856 |
4 |
0 |
|3 Digitalia Hispánica
|u https://www.digitaliapublishing.com/a/45115/
|
| 910 |
|
|
|a Premium collection: 2022
|